THERAPEUTIC EXERCISE : MOVING TOWARD FUNCTION (Record no. 8181)

MARC details
000 -LEADER
fixed length control field 00468nam a22001817a 4500
005 - DATE AND TIME OF LATEST TRANSACTION
control field 20230111115229.0
008 - FIXED-LENGTH DATA ELEMENTS--GENERAL INFORMATION
fixed length control field 221221b |||||||| |||| 00| 0 eng d
020 ## - INTERNATIONAL STANDARD BOOK NUMBER
ISBN 978-14963-0234-2
041 ## - LANGUAGE CODE
Language code of text/sound track or separate title eng
082 ## - DEWEY DECIMAL CLASSIFICATION NUMBER
Classification number 615.8 BRO-T
100 ## - MAIN ENTRY--AUTHOR NAME
Personal name BRODY, LORI THEIN ., HALL ,CARRIE M.
245 ## - TITLE STATEMENT
Title THERAPEUTIC EXERCISE : MOVING TOWARD FUNCTION
250 ## - EDITION STATEMENT
Edition statement 4th ed.
260 ## - PUBLICATION, DISTRIBUTION, ETC. (IMPRINT)
Name of publisher WOLTER KLUWER
300 ## - PHYSICAL DESCRIPTION
Number of Pages 900;P.
650 ## - SUBJECT ADDED ENTRY--TOPICAL TERM
Topical Term BPT
942 ## - ADDED ENTRY ELEMENTS (KOHA)
Koha item type Books
Holdings
Lost status Damaged status Collection code Home library Current library Shelving location Date acquired Source of acquisition Full call number Accession Number Koha item type
    Reference JRU Library JRU Library SHELF-8-A 19/11/2022 LOHIA BOOK INTERNATIONAL 615.8-BRO-T 27266 Books
    PHYSIOTHERAPY JRU Library JRU Library SHELF-20-C 19/11/2022 LOHIA BOOK INTERNATIONAL 615.8-BRO-T 27267 Books
    PHYSIOTHERAPY JRU Library JRU Library SHELF-20-C 19/11/2022 LOHIA BOOK INTERNATIONAL 615.8-BRO-T 27268 Books